Statistics for Macau Country Quiz

Click here to take the quiz!

General Stats

  • This quiz has been taken 47 times
  • The average score is 3 of 15

Answer Stats

HintAnswer% Correct
Year when Macau was fully given back to China.1999
81%
Predominant dialect of Chinese spoken.Cantonese
57%
River delta that the region sits on.Pearl River Delta
48%
Currency of Macau.Macanese Pataca
43%
Dynasty the region was first settled under.Han Dynasty
33%
Macau's first sister city.Lisbon
26%
Year of initial Portuguese lease.1557
14%
Largest Parish by areaNossa Senhora do Carmo
12%
Treaty that gave the Portuguese access to full colonial rights.Treaty Of Peking
7%
Current Chief Executive of Macau.Ho lat Seng
5%
Largest religious group.Chinese Folk Religions
2%
UNESCO World Heritage Site.Macau Historic Centre
2%
Largest Parish by population.Nossa Senhora de Fátima
2%
Town where Portuguese merchants first established a trading post near Macau.Tuen Mun
2%
Koppen climate classification of Macau.Humid Subtropical
0%

Score Distribution

Percentile by Number Answered

Percent of People with Each Score

Your Score History

You have not taken this quiz